| 000 | 004300000a22001690004500 | ||
|---|---|---|---|
| 003 | MACL | ||
| 005 | 20160105124217.0 | ||
| 008 | 160105b xxu||||| |||| 00| 0 eng d | ||
| 040 |
_aMACL _cMACL |
||
| 041 | _aEnglish | ||
| 082 | _a800/SCH | ||
| 100 |
_aSchwabe, Ludwig _927866 |
||
| 245 | _aHistory of Roman Literature | ||
| 260 |
_bGeorge Bell and Sons _c1900 _aLondon |
||
| 650 |
_aLiterature _927867 |
||
| 942 |
_cBK _k800/SCH _2ddc |
||
| 999 |
_c38765 _d38765 |
||